| 000 | 00397cam a22001217a 4500 | ||
|---|---|---|---|
| 008 | 180718b2001 xxu||||| |||| 00| 0 eng d | ||
| 100 | _aFilmer, Deon | ||
| 245 |
_aDoes Indonesia have a "low-pay" civil service? _cby Deon Filmer and David L. Lindauer |
||
| 260 |
_aWashington, D.C. _bWorld Bank _c2001 |
||
| 300 | _a18p. | ||
| 440 | _aPolicy research working paper 2621 | ||
| 700 | _aLindauer, David L. | ||
| 999 |
_c286787 _d286787 |
||